[Event "Slough v NW Eagles"]
[Site "?"]
[Date "2002.??.??"]
[Round "4"]
[White "Smith, Alan A"]
[Black "Payne, Oliver"]
[Result "1-0"]
[WhiteElo "2257"]
[BlackElo "2082"]
[PlyCount "101"]
[EventDate "2002.??.??"]

1. e4 e6 2. d4 d5 3. Nc3 Nf6 4. Bg5 Bb4 5. exd5 exd5 6. Qf3 Be6 7. Bd3 c6 8.
Nge2 Nbd7 9. h3 h6 10. Bf4 c5 11. dxc5 Nxc5 12. Bb5+ Kf8 13. Be5 Nce4 14. Bd3
Qa5 15. Bxf6 Nxf6 16. O-O Re8 17. a3 Bd6 18. Nd4 Be5 19. Nxe6+ Rxe6 20. Bf5 Rc6
21. Nd1 g6 22. Bd3 Kg7 23. c3 d4 24. c4 Nh5 25. b4 Qc7 26. Nb2 Rf6 27. Qd1 Nf4
28. Re1 Re8 29. Qd2 Qc6 30. Be4 Qe6 31. Nd3 Nxd3 32. Qxd3 Qd6 33. Bxb7 Bh2+ 34.
Kf1 Re3 35. Rxe3 dxe3 36. Qxe3 Be5 37. c5 Rxf2+ 38. Qxf2 Qd3+ 39. Qe2 Qf5+ 40.
Qf3 Qxf3+ 41. Bxf3 Bxa1 42. Ke2 Kf6 43. Kd3 Ke7 44. b5 Bb2 45. a4 Ba3 46. Kc4
Kd7 47. b6 axb6 48. cxb6 Bc1 49. a5 Be3 50. Kb5 Bxb6 51. Kxb6 1-0

[Event "Wessex v Athenaeum"]
[Site "?"]
[Date "2002.??.??"]
[Round "4"]
[White "Clark, Ian C"]
[Black "Stevenson, James AB"]
[Result "1/2-1/2"]
[WhiteElo "2110"]
[BlackElo "2151"]
[PlyCount "71"]
[EventDate "2002.??.??"]

1. e4 Nf6 2. e5 Nd5 3. c4 Nb6 4. d4 d6 5. f4 dxe5 6. fxe5 Bf5 7. Be3 e6 8. Nc3
Bb4 9. Nf3 c5 10. Be2 Nc6 11. d5 exd5 12. O-O dxc4 13. Nb5 O-O 14. a3 Ba5 15.
Nd6 Be6 16. Bxc5 Qd7 17. Qc2 h6 18. Rad1 Rfd8 19. Nxc4 Qc7 20. Bd6 Qc8 21. Nxa5
Nxa5 22. Qe4 Qc6 23. Qh4 Nb3 24. Bd3 Qa4 25. Qf2 Rac8 26. Nh4 Nc4 27. Nf5 Nxd6
28. Nxd6 Rc7 29. Nf5 Qg4 30. Nxh6+ gxh6 31. Bh7+ Kxh7 32. Rxd8 Qg5 33. Rfd1 Rc1
34. R8d3 Rxd1+ 35. Rxd1 Qxe5 36. Qc2+ 1/2-1/2

[Event "Wessex v Athenaeum"]
[Site "?"]
[Date "2002.??.??"]
[Round "4"]
[White "Houska, Karla"]
[Black "Pleasants, Allan J"]
[Result "0-1"]
[WhiteElo "1072"]
[BlackElo "1944"]
[PlyCount "124"]
[EventDate "2002.??.??"]

1. e4 d5 2. exd5 Nf6 3. Nc3 Nxd5 4. Nxd5 Qxd5 5. Nf3 Bg4 6. Be2 Nc6 7. O-O
O-O-O 8. d3 e5 9. Be3 f5 10. c4 Qd7 11. a3 Bxf3 12. Bxf3 Nd4 13. Bxd4 Qxd4 14.
Qb3 c6 15. Rad1 Bd6 16. a4 Rhe8 17. a5 a6 18. Rfe1 g5 19. h3 Bc5 20. Qc2 Bb4
21. Re3 Rd6 22. Qa4 Qc5 23. d4 Qxa5 24. Qb3 e4 25. c5 Rd5 26. Bh5 Re7 27. Qc2
Qd8 28. f3 Rxd4 29. fxe4 Rxd1+ 30. Bxd1 Qd4 31. Qf2 Qxd1+ 32. Kh2 f4 33. Re2
Qd3 34. Kh1 Rxe4 35. Rxe4 Qxe4 36. Kh2 Be1 37. Qf1 Bg3+ 38. Kh1 Qe1 39. Qxe1
Bxe1 40. Kg1 Bb4 41. Kf2 Bxc5+ 42. Kf3 Kd7 43. Kg4 Be7 44. Kh5 a5 45. Kg4 b5
46. Kf3 a4 47. Ke2 b4 48. Kd2 a3 49. bxa3 bxa3 50. Kc2 h5 51. Kb3 g4 52. hxg4
hxg4 53. Kc3 f3 54. gxf3 gxf3 55. Kd3 a2 56. Ke3 a1=Q 57. Kxf3 Qd4 58. Ke2 Ke6
59. Kf3 Ke5 60. Ke2 Ke4 61. Ke1 Kf3 62. Kf1 Qf2# 0-1

[Event "Wessex v Athenaeum"]
[Site "?"]
[Date "2002.??.??"]
[Round "4"]
[White "McKeown, Paul"]
[Black "Hopkins, Jamie"]
[Result "0-1"]
[WhiteElo "2075"]
[BlackElo "2000"]
[PlyCount "36"]
[EventDate "2002.??.??"]

1. e4 c5 2. Nf3 Nc6 3. d4 cxd4 4. Nxd4 Nf6 5. Nc3 e5 6. Ndb5 d6 7. Bg5 a6 8.
Na3 b5 9. Bxf6 gxf6 10. Nd5 f5 11. Bd3 Be6 12. Qh5 Rg8 13. O-O f4 14. Kh1 Rg6
15. Qd1 Rc8 16. Rg1 Rh6 17. g3 Qg5 18. gxf4 Rxh2+ 0-1

[Event "Wessex v Athenaeum"]
[Site "?"]
[Date "2002.??.??"]
[Round "4"]
[White "Tunks, Dominic"]
[Black "Harborne, Matthew"]
[Result "1-0"]
[WhiteElo "2096"]
[BlackElo "1760"]
[PlyCount "75"]
[EventDate "2002.??.??"]

1. e4 c6 2. d4 d5 3. Nd2 dxe4 4. Nxe4 Bf5 5. Ng3 Bg6 6. Nf3 Nd7 7. h4 h6 8. h5
Bh7 9. Bd3 Bxd3 10. Qxd3 Qc7 11. Rh4 e6 12. Bf4 Bd6 13. Bxd6 Qxd6 14. O-O-O
Ngf6 15. Ne4 Nxe4 16. Qxe4 O-O-O 17. Qe3 Rhe8 18. Rg4 Qf8 19. Ne5 Nf6 20. Rh4
Nd5 21. Qg3 Ne7 22. Re4 Nf5 23. Qf3 f6 24. Ng6 Qf7 25. Kb1 Rd6 26. g4 Ne7 27.
Qa3 Rdd8 28. Nxe7+ Rxe7 29. Qxa7 e5 30. Re3 Qe6 31. Rb3 Qxg4 32. f3 Rxd4 33.
Qa8+ Kd7 34. Rxb7+ Kd6 35. Qa3+ Kd5 36. c4+ Kxc4 37. Rc1+ Kd5 38. Qc5+ 1-0

[Event "White Rose v Wessex"]
[Site "?"]
[Date "2002.??.??"]
[Round "4"]
[White "Arnott, Jonathan W"]
[Black "Rutter, Nicholas"]
[Result "1/2-1/2"]
[WhiteElo "2072"]
[BlackElo "2133"]
[PlyCount "43"]
[EventDate "2002.??.??"]

1. e4 c5 2. d3 g6 3. g3 Bg7 4. Bg2 e6 5. f4 Ne7 6. Nf3 d6 7. O-O O-O 8. c3 Nbc6
9. Na3 Rb8 10. Be3 b5 11. d4 cxd4 12. cxd4 Ba6 13. Re1 Na5 14. b3 Qd7 15. Qd2
Nac6 16. Bf1 d5 17. e5 Qb7 18. Rec1 b4 19. Bxa6 Qxa6 20. Nc2 Qb6 21. Nce1 a5
22. Nd3 1/2-1/2

[Event "White Rose v Wessex"]
[Site "?"]
[Date "2002.??.??"]
[Round "4"]
[White "Cumbers, Paul"]
[Black "Marsh, Roger"]
[Result "1-0"]
[WhiteElo "1952"]
[BlackElo "2067"]
[PlyCount "59"]
[EventDate "2002.??.??"]

1. e4 c6 2. d4 d5 3. e5 g6 4. Bd3 c5 5. c3 Nc6 6. Ne2 Bg4 7. f3 Bf5 8. Bxf5
gxf5 9. dxc5 e6 10. Be3 Nxe5 11. Bd4 f6 12. f4 Nc6 13. Ng3 Qc7 14. Qh5+ Qf7 15.
Qe2 O-O-O 16. O-O h5 17. Re1 h4 18. Nf1 Re8 19. b4 Nxd4 20. cxd4 Bh6 21. Nc3 e5
22. Nb5 Bf8 23. fxe5 fxe5 24. dxe5 Nf6 25. e6 Qg7 26. Qe5 Ne4 27. Nxa7+ Kd8 28.
Qxd5+ Bd6 29. cxd6 Rhg8 30. Qa5+ 1-0

[Event "White Rose v Wessex"]
[Site "?"]
[Date "2002.??.??"]
[Round "4"]
[White "Pye, David E"]
[Black "Keeling, Karen"]
[Result "1-0"]
[WhiteElo "2096"]
[BlackElo "2038"]
[PlyCount "71"]
[EventDate "2002.??.??"]

1. e4 c6 2. Nc3 d5 3. f4 dxe4 4. Nxe4 Nd7 5. Nf3 Ndf6 6. Nf2 Nh6 7. Bc4 Bg4 8.
h3 Bxf3 9. Qxf3 Nf5 10. d3 e6 11. g4 Nd4 12. Qd1 b5 13. Bb3 Bc5 14. O-O Nd5 15.
c3 Nxb3 16. axb3 Qh4 17. Qf3 O-O 18. d4 Bb6 19. Kg2 c5 20. dxc5 Bxc5 21. Nd3
Bb6 22. c4 Ne7 23. Be3 bxc4 24. bxc4 Bxe3 25. Qxe3 a5 26. Ne5 Rfc8 27. b3 Qf6
28. Ra2 Nc6 29. Nd7 Qe7 30. Nb6 Qb7 31. Kh2 Nb4 32. Re2 Rd8 33. Nxa8 Qxa8 34.
Rd2 Rc8 35. Rfd1 Na6 36. Qa7 1-0